• 首页
  • 本馆介绍
  • 公告通知
  • 最新文献
  • 馆藏检索
  • 电子资源
  • 读者导购
  • 参考咨询
  • 我的图书馆
  • 登录
  • 详细信息显示
  • 放入我的书架
  • 预约/预借图书
  • 作者相关作品
  • 分类相关作品
  • 丛书相关作品
  • 出版社相关作品

书目信息

  • 表格格式
  • 工作单格式
  • 卡片格式
题名:
羽毛球竞赛规则
    
 
作者: ;国家体育运动委员会 审定
分册:  
出版信息: 北京   人民体育出版社  1995
页数: 62页
开本: 19cm
丛书名:
单 册:
中图分类: G847.04
科图分类:
主题词: 羽毛球运动-竞赛规则--1995~1998 , 竞赛规则-羽毛球运动--1995~1998 , 球类运动
电子资源:
ISBN: 7-5009-0351-0
000 00836nnam 2200253 45
001 0196011092
005 20061106092705.12
010    @a7-5009-0351-0@dCNY1.00
100    @a19950628d1995 em y0chiy0121 ea
101 0  @achi
102    @aCN@b110000
105    @ay z 000yy
106    @ar
200 10 @a羽毛球竞赛规则@AYU MAO QIU JING SAI GUI ZE@e1995-1998@f中华人民共和国体育运动委员会审定@FZHONG HUAREN MIN GONG HE GUO TI YU YUN DONG WEI YUAN HUI SHEN DING
205    @a11版
210    @a北京@c人民体育出版社@d1995
215    @a62页@d19cm
606    @a羽毛球运动-竞赛规则@z1995~1998
606    @a竞赛规则-羽毛球运动@z1995~1998
606 0  @a球类运动
690    @aG847.04@v3
711 02 @a国家体育运动委员会@AGUO JIA TI YU YUN DONG WEI YUAN HUI@4审定
801  0 @aCN@bNLC@c20061106
905    @f1@b221201@dG847.04@eT458(1989)
    
    羽毛球竞赛规则:1995-1998/中华人民共和国体育运动委员会审定.-11版.-北京:人民体育出版社,1995
    62页;19cm
    
    
    ISBN 7-5009-0351-0:CNY1.00
    
●
相关链接 在E读中查询图书 在五车中查询图书 在当当中查询图书 在豆瓣中查询图书


正题名:羽毛球竞赛规则     索取号:G847.04/T458(1989)         预约/预借

序号 登录号 条形码 馆藏地/架位号 状态 备注
1 0221201   000993884   密集书库/ [索取号:G847.04/T458(1989)] 在馆    
2 0221202   000993866   第一样本阅览室/ [索取号:G847.04/T458(1989)] 在馆    
唐山师范学院图书馆 欢迎您!
大连网信软件有限公司© 版权所有